000 00202nam a2200121Ia 4500
100 _a#N/A
942 _cBK
654 _aSIDUX
245 _aSIDUX
260 _b#N/A
546 _aENGLISH
999 _c19572
_d19572